[Event "Hampshire Major"]
[Site "Fareham"]
[Date "2023.11.04"]
[Round "4.4"]
[White "Jackson, Lewis"]
[Black "Philidor, Tom"]
[Result "0-1"]
[WhiteElo "1478"]
[BlackElo "1725"]
[PlyCount "62"]
[EventDate "2023.11.03"]
[EventType "swiss"]
[EventRounds "6"]
[EventCountry "ENG"]
[SourceTitle "BritBase"]
[Source "John Saunders"]
[SourceDate "2025.02.10"]
[SourceVersion "1"]
[SourceVersionDate "2025.02.10"]
[SourceQuality "1"]

1. e4 e6 2. d4 d5 3. Nd2 dxe4 4. Nxe4 Nd7 5. Nf3 Be7 6. Bd3 Ngf6 7. Nxf6+ Nxf6 8. Ne5 O-O 9. c3 c5 10. O-O b6 11. Qf3 Qc7 12. Qh3 Bb7 13. Re1 cxd4 14. cxd4 Qd6 15. Bg5 g6 16. Qh4 Nd5 17. Nf3 Bxg5 18. Nxg5 Nf6 19. Re3 Rfd8 20. Bxg6 hxg6 21. Nxe6 Re8 22. Rh3 Nh5 23. g4 Qxe6 24. Rf1 Qe4 25. f3 Qxd4+ 26. Kh1 Re2 27. Qg5 Qf4 28. Qb5 Rxh2+ 29. Rxh2 Ng3+ 30. Kg2 Nxf1 31. Qxf1 Qxg4+ 0-1

[Event "Hampshire Major"]
[Site "Fareham"]
[Date "2023.11.04"]
[Round "4.5"]
[White "Sugden, Freddie"]
[Black "Warner, Nicholas"]
[Result "1-0"]
[WhiteElo "1751"]
[BlackElo "1610"]
[PlyCount "57"]
[EventDate "2023.11.03"]
[EventType "swiss"]
[EventRounds "6"]
[EventCountry "ENG"]
[SourceTitle "BritBase"]
[Source "John Saunders"]
[SourceDate "2025.02.10"]
[SourceVersion "1"]
[SourceVersionDate "2025.02.10"]
[SourceQuality "1"]

1. e4 c6 2. d4 d5 3. exd5 cxd5 4. c4 Nf6 5. Nc3 e6 6. c5 Nc6 7. Nf3 b6 8. b4 a6 9. Bg5 bxc5 10. bxc5 Qa5 11. Bd2 Qc7 12. g3 Be7 13. Bg2 Nxd4 14. Nxd4 Bxc5 15. Nb3 Bb4 16. Rc1 Qe5+ 17. Qe2 Ng4 18. Qxe5 Nxe5 19. O-O Ng6 20. Nxd5 Bxd2 21. Nc7+ Ke7 22. Nxd2 Ra7 23. Na8 Rd8 24. Nb3 Bb7 25. Rc7+ Rd7 26. Rxd7+ Kxd7 27. Nb6+ Kc7 28. Bxb7 Kxb6 29. Be4 1-0

[Event "Hampshire Major"]
[Site "Fareham"]
[Date "2023.11.04"]
[Round "4.6"]
[White "Balerno, Pietro Silke"]
[Black "Stout, Nicholas"]
[Result "1-0"]
[WhiteElo "1603"]
[BlackElo "1699"]
[PlyCount "79"]
[EventDate "2023.11.03"]
[EventType "swiss"]
[EventRounds "6"]
[EventCountry "ENG"]
[SourceTitle "BritBase"]
[Source "John Saunders"]
[SourceDate "2025.02.10"]
[SourceVersion "1"]
[SourceVersionDate "2025.02.10"]
[SourceQuality "1"]

1. d4 d5 2. Bf4 Nf6 3. e3 e6 4. Nd2 Bd6 5. Bg3 O-O 6. Ngf3 c5 7. c3 Qc7 8. Rc1 Nbd7 9. c4 b6 10. b4 Bb7 11. cxd5 Bxd5 12. Nc4 Bxg3 13. hxg3 Rfd8 14. Nce5 Bxf3 15. Nxf3 e5 16. dxe5 Nxe5 17. Qc2 Rac8 18. Ba6 c4 19. Nxe5 Qxe5 20. Bxc8 Rxc8 21. Ke2 b5 22. Rcd1 h6 23. Rh4 Nd5 24. Rhd4 Nf6 25. Rd8+ Rxd8 26. Rxd8+ Ne8 27. Ra8 Qe7 28. Qd2 Kh7 29. a3 Nd6 30. Qd4 Nf5 31. Qxa7 Qe4 32. Rd8 Qxg2 33. Qb8 Qe4 34. Qf4 Qxf4 35. exf4 Kg6 36. Rd5 h5 37. Ke1 h4 38. gxh4 Nxh4 39. Kd2 Ng2 40. Rg5+ 1-0

[Event "Hampshire Major"]
[Site "Fareham"]
[Date "2023.11.04"]
[Round "4.7"]
[White "Vann, Anton"]
[Black "McDonald, Robert"]
[Result "0-1"]
[WhiteElo "1503"]
[BlackElo "1788"]
[PlyCount "90"]
[EventDate "2023.11.03"]
[EventType "swiss"]
[EventRounds "6"]
[EventCountry "ENG"]
[SourceTitle "BritBase"]
[Source "John Saunders"]
[SourceDate "2025.02.10"]
[SourceVersion "1"]
[SourceVersionDate "2025.02.10"]
[SourceQuality "1"]

1. e4 c5 2. Nc3 d6 3. f4 Nc6 4. Nf3 e6 5. Bb5 Nge7 6. O-O a6 7. Bxc6+ Nxc6 8. d3 Be7 9. a4 Bd7 10. Qe1 Nb4 11. Qe2 b5 12. f5 O-O 13. b3 exf5 14. exf5 Bf6 15. Bb2 Bxf5 16. Rab1 Bd7 17. Ne4 Bxb2 18. Rxb2 Bc6 19. Nfg5 Bxe4 20. Nxe4 Nd5 21. Qh5 f5 22. Ng5 Nf6 23. Qh3 Qd7 24. Rxf5 Ra7 25. c3 g6 26. Rf3 Qxh3 27. Rxh3 Nd5 28. c4 bxc4 29. bxc4 Re7 30. Rf3 Rxf3 31. Nxf3 Nb4 32. d4 Re4 33. Kf1 h6 34. g3 Kf7 35. a5 Kf6 36. Kg2 Re3 37. dxc5 dxc5 38. Nd2 Ke5 39. Kf2 Ra3 40. Rb3 Ra2 41. Ke3 Nc2+ 42. Kd3 Nb4+ 43. Ke3 Rxa5 44. Nb1 Ra2 45. h4 a5 0-1

[Event "Hampshire Major"]
[Site "Fareham"]
[Date "2023.11.04"]
[Round "4.8"]
[White "Devlin, Liam"]
[Black "Charalambous, Charles"]
[Result "1-0"]
[WhiteElo "1606"]
[BlackElo "1478"]
[PlyCount "57"]
[EventDate "2023.11.03"]
[EventType "swiss"]
[EventRounds "6"]
[EventCountry "ENG"]
[SourceTitle "BritBase"]
[Source "John Saunders"]
[SourceDate "2025.02.10"]
[SourceVersion "1"]
[SourceVersionDate "2025.02.10"]
[SourceQuality "1"]

1. d4 d5 2. Nc3 e6 3. Bf4 Bd6 4. e3 Bxf4 5. exf4 Nh6 6. Nf3 Nd7 7. Bd3 c5 8. dxc5 Nxc5 9. Bb5+ Bd7 10. Qd4 O-O 11. Qxc5 b6 12. Qd6 Bxb5 13. Qxd8 Rfxd8 14. Nxb5 Nf5 15. O-O-O a6 16. Nbd4 Ne7 17. Rhe1 g6 18. g4 Rac8 19. f5 gxf5 20. gxf5 Nxf5 21. Nxf5 exf5 22. Re5 Rd6 23. Rexd5 Rdc6 24. Rd8+ Kg7 25. Rxc8 Rxc8 26. Rd6 Rb8 27. Nd4 f4 28. f3 Rb7 29. Ne2 1-0

[Event "Hampshire Major"]
[Site "Fareham"]
[Date "2023.11.05"]
[Round "5.1"]
[White "Collyer, David"]
[Black "Miller, Daniel"]
[Result "1/2-1/2"]
[WhiteElo "1804"]
[BlackElo "1714"]
[PlyCount "48"]
[EventDate "2023.11.03"]
[EventType "swiss"]
[EventRounds "6"]
[EventCountry "ENG"]
[SourceTitle "BritBase"]
[Source "John Saunders"]
[SourceDate "2025.02.10"]
[SourceVersion "1"]
[SourceVersionDate "2025.02.10"]
[SourceQuality "1"]

1. e4 c5 2. Nf3 d6 3. d4 cxd4 4. Nxd4 Nf6 5. Nc3 a6 6. Bg5 e6 7. f4 Be7 8. Qf3 Qc7 9. O-O-O Nbd7 10. g4 h6 11. Bxf6 Bxf6 12. h4 Nb6 13. g5 Bxd4 14. Rxd4 Qc5 15. Qd3 Bd7 16. Rxd6 O-O-O 17. e5 Bc6 18. Ne4 Bxe4 19. Rxd8+ Rxd8 20. Qxe4 Qd5 21. Bd3 Qxa2 22. c3 Kb8 23. Bb1 Qb3 24. Bc2 Qa2 1/2-1/2

[Event "Hampshire Major"]
[Site "Fareham"]
[Date "2023.11.05"]
[Round "5.2"]
[White "O'Gorman, Brendan"]
[Black "Ferreira, Erico Oliveira"]
[Result "1-0"]
[WhiteElo "1873"]
[BlackElo "1712"]
[PlyCount "119"]
[EventDate "2023.11.03"]
[EventType "swiss"]
[EventRounds "6"]
[EventCountry "ENG"]
[SourceTitle "BritBase"]
[Source "John Saunders"]
[SourceDate "2025.02.10"]
[SourceVersion "1"]
[SourceVersionDate "2025.02.10"]
[SourceQuality "1"]

1. c4 Nf6 2. Nc3 g6 3. e4 d6 4. d4 Bg7 5. h3 O-O 6. Be3 Na6 7. g4 c5 8. d5 Qa5 9. f3 e6 10. Nge2 exd5 11. cxd5 b5 12. Nc1 Nd7 13. Qd2 Ne5 14. Be2 c4 15. O-O Nc5 16. f4 Ned7 17. Bd4 Nxe4 18. Qe3 Bxd4 19. Qxd4 Nxc3 20. bxc3 Qb6 21. a4 Qxd4+ 22. cxd4 Bb7 23. axb5 Bxd5 24. Na2 Nb6 25. Nc3 Bb7 26. Rfe1 Rfe8 27. Bf1 Kf8 28. Kf2 Rxe1 29. Kxe1 Ke7 30. Kf2 d5 31. Bg2 Kd6 32. Ke3 a6 33. bxa6 Rxa6 34. Rxa6 Bxa6 35. g5 Bb7 36. Bf3 Bc6 37. Bd1 Nc8 38. Bg4 Ne7 39. Kf2 Bd7 40. Ke3 Bf5 41. Kd2 Ke6 42. Ke3 f6 43. Kf3 fxg5 44. fxg5 Nc6 45. Ke3 Nb4 46. Kd2 Nc6 47. Ke3 Na5 48. Bf3 Bxh3 49. Bxd5+ Ke7 50. Bg8 Kf8 51. Bd5 Kg7 52. Bf3 Bf5 53. d5 Nb7 54. Kd4 Bd3 55. Nb5 Kf7 56. d6 Ke6 57. Bxb7 Kd7 58. Bd5 h5 59. gxh6 g5 60. Be4 1-0

[Event "Hampshire Major"]
[Site "Fareham"]
[Date "2023.11.05"]
[Round "5.3"]
[White "Blanden, Edward A"]
[Black "Soenen, Maxime"]
[Result "1-0"]
[WhiteElo "1755"]
[BlackElo "1556"]
[PlyCount "35"]
[EventDate "2023.11.03"]
[EventType "swiss"]
[EventRounds "6"]
[EventCountry "ENG"]
[SourceTitle "BritBase"]
[Source "John Saunders"]
[SourceDate "2025.02.10"]
[SourceVersion "1"]
[SourceVersionDate "2025.02.10"]
[SourceQuality "1"]

1. c4 f5 2. Nf3 Nf6 3. g3 g6 4. Bg2 Bg7 5. d4 O-O 6. Nc3 d6 7. O-O Nc6 8. Rb1 e5 9. e3 e4 10. Nd2 Bd7 11. b4 h5 12. h4 Ng4 13. Nd5 Ne7 14. Nf4 Kh7 15. Qb3 Ng8 16. f3 exf3 17. Nxf3 Re8 18. Ng5+ 1-0

[Event "Hampshire Major"]
[Site "Fareham"]
[Date "2023.11.05"]
[Round "5.4"]
[White "Philidor, Tom"]
[Black "Waters, Andrew"]
[Result "0-1"]
[WhiteElo "1725"]
[BlackElo "1883"]
[PlyCount "108"]
[EventDate "2023.11.03"]
[EventType "swiss"]
[EventRounds "6"]
[EventCountry "ENG"]
[SourceTitle "BritBase"]
[Source "John Saunders"]
[SourceDate "2025.02.10"]
[SourceVersion "1"]
[SourceVersionDate "2025.02.10"]
[SourceQuality "1"]

1. Nf3 f5 2. d4 Nf6 3. c4 g6 4. Nc3 Bg7 5. Bf4 d6 6. e3 c6 7. h4 Nh5 8. Qb3 Nxf4 9. exf4 Qb6 10. Qxb6 axb6 11. Bd3 Nd7 12. h5 Nf6 13. hxg6 hxg6 14. Rxh8+ Bxh8 15. a3 Bd7 16. Ng5 Nh5 17. Ne2 c5 18. g3 cxd4 19. O-O-O e5 20. g4 Nxf4 21. Nxf4 exf4 22. gxf5 Bxf5 23. Bxf5 gxf5 24. Ne6 Ra4 25. Nxf4 Rxc4+ 26. Kd2 Be5 27. Re1 Kf7 28. Nd3 Bf6 29. Nb4 b5 30. Kd3 Bh4 31. Re2 Bg5 32. Nc2 Bf6 33. Nb4 Rc1 34. Nd5 Rd1+ 35. Rd2 Rxd2+ 36. Kxd2 Bh4 37. f3 Bd8 38. Kd3 Ke6 39. Kxd4 Bf6+ 40. Nxf6 Kxf6 41. f4 Ke6 42. b3 b6 43. a4 bxa4 44. bxa4 d5 45. Kd3 Kd7 46. Kc3 Kc7 47. Kb3 Kd6 48. Kb4 Kc6 49. Kb3 Kc5 50. Kc3 d4+ 51. Kc2 Kc4 52. Kd2 d3 53. Kd1 Kd4 54. Kd2 Ke4 0-1

[Event "Hampshire Major"]
[Site "Fareham"]
[Date "2023.11.05"]
[Round "5.5"]
[White "Jones, Tim"]
[Black "Sugden, Freddie"]
[Result "1-0"]
[WhiteElo "1795"]
[BlackElo "1751"]
[PlyCount "99"]
[EventDate "2023.11.03"]
[EventType "swiss"]
[EventRounds "6"]
[EventCountry "ENG"]
[SourceTitle "BritBase"]
[Source "John Saunders"]
[SourceDate "2025.02.10"]
[SourceVersion "1"]
[SourceVersionDate "2025.02.10"]
[SourceQuality "1"]

1. d4 Nf6 2. c4 g6 3. Nc3 Bg7 4. Bg5 O-O 5. e3 h6 6. Bh4 d6 7. Bd3 Nbd7 8. Qc2 e5 9. Nge2 a6 10. O-O-O c6 11. f3 b5 12. cxb5 cxb5 13. Qb3 Kh8 14. g4 Bb7 15. Rhf1 Rc8 16. Kb1 Nb6 17. dxe5 dxe5 18. Bf5 Qc7 19. Bxc8 Rxc8 20. e4 Nc4 21. Bf2 Na5 22. Qc2 b4 23. Qd3 bxc3 24. Nxc3 Nc4 25. h4 Rb8 26. b3 Na3+ 27. Kb2 Bf8 28. g5 Ne8 29. gxh6 Nd6 30. Rc1 Ndc4+ 31. Ka1 Bxh6 32. bxc4 Bxc1 33. Rxc1 Qxc4 34. Qxc4 Nxc4 35. Ne2 Nd2 36. Rc7 Kg8 37. Ba7 Rd8 38. Rxb7 Nc4 39. Rb8 Rxb8 40. Bxb8 f6 41. a4 Nd2 42. Ng1 Kf7 43. Kb2 Nc4+ 44. Kb3 Na5+ 45. Kc3 Ke6 46. Bc7 Nc6 47. Kc4 Kd7 48. Bb6 Kd6 49. Ne2 Ne7 50. Bc5+ 1-0

[Event "Hampshire Major"]
[Site "Fareham"]
[Date "2023.11.05"]
[Round "5.6"]
[White "McDonald, Robert"]
[Black "Alexandrsov, Igor"]
[Result "1-0"]
[WhiteElo "1788"]
[BlackElo "1598"]
[PlyCount "85"]
[EventDate "2023.11.03"]
[EventType "swiss"]
[EventRounds "6"]
[EventCountry "ENG"]
[SourceTitle "BritBase"]
[Source "John Saunders"]
[SourceDate "2025.02.10"]
[SourceVersion "1"]
[SourceVersionDate "2025.02.10"]
[SourceQuality "1"]

1. e4 c6 2. d4 d5 3. exd5 cxd5 4. Bd3 Nc6 5. c3 Nf6 6. Bf4 Bg4 7. Ne2 Qb6 8. Qc2 e6 9. O-O Be7 10. h3 Bh5 11. Bh2 Bg6 12. Nf4 Bxd3 13. Nxd3 O-O 14. Ne5 Rfc8 15. Qe2 Na5 16. g4 Nc4 17. Nxc4 Rxc4 18. Re1 Qd8 19. Nd2 Rcc8 20. f4 Bd6 21. g5 Nd7 22. Nf3 Rab8 23. h4 b5 24. a3 a5 25. Ne5 Nxe5 26. fxe5 Be7 27. Bf4 Qb6 28. Rf1 b4 29. axb4 axb4 30. Bd2 bxc3 31. bxc3 Qb2 32. Qd3 Qb5 33. Qf3 Qe8 34. h5 Rb3 35. g6 hxg6 36. hxg6 fxg6 37. Qh3 Bb4 38. Rf3 Ba3 39. Raf1 Rb7 40. R3f2 Qf7 41. Rxf7 Rxf7 42. Qxe6 Rcf8 43. Qxd5 1-0

[Event "Hampshire Major"]
[Site "Fareham"]
[Date "2023.11.05"]
[Round "5.7"]
[White "Edney, Richard H"]
[Black "Balerno, Pietro Silke"]
[Result "1-0"]
[WhiteElo "1828"]
[BlackElo "1603"]
[PlyCount "41"]
[EventDate "2023.11.03"]
[EventType "swiss"]
[EventRounds "6"]
[EventCountry "ENG"]
[SourceTitle "BritBase"]
[Source "John Saunders"]
[SourceDate "2025.02.10"]
[SourceVersion "1"]
[SourceVersionDate "2025.02.10"]
[SourceQuality "1"]

1. d4 e6 2. e4 d5 3. Nd2 Nf6 4. e5 Nfd7 5. c3 c5 6. Bd3 Nc6 7. Ngf3 Qb6 8. O-O cxd4 9. cxd4 Nxd4 10. Nxd4 Qxd4 11. Nf3 Qb6 12. a3 Bc5 13. Qe2 Qd8 14. b4 Be7 15. Bb2 O-O 16. Rac1 f6 17. exf6 Nxf6 18. Rfe1 Nh5 19. Qe5 Bf6 20. Qxh5 Bxb2 21. Bxh7+ 1-0

[Event "Hampshire Major"]
[Site "Fareham"]
[Date "2023.11.05"]
[Round "5.8"]
[White "Devlin, Liam"]
[Black "Pinto, Phil B"]
[Result "0-1"]
[WhiteElo "1606"]
[BlackElo "1698"]
[PlyCount "72"]
[EventDate "2023.11.03"]
[EventType "swiss"]
[EventRounds "6"]
[EventCountry "ENG"]
[SourceTitle "BritBase"]
[Source "John Saunders"]
[SourceDate "2025.02.10"]
[SourceVersion "1"]
[SourceVersionDate "2025.02.10"]
[SourceQuality "1"]

1. d4 Nf6 2. Nc3 d5 3. Bf4 c5 4. e4 dxe4 5. dxc5 Qa5 6. Qd4 Nc6 7. Bb5 Bd7 8. Qa4 Qxa4 9. Bxa4 e5 10. Bg5 Nd4 11. Bxd7+ Nxd7 12. O-O-O Nxc5 13. Nd5 Rc8 14. c3 Nd3+ 15. Kb1 Ne6 16. Be3 Bc5 17. Nh3 O-O 18. f3 Bxe3 19. Nxe3 f5 20. Nxf5 Rxf5 21. fxe4 Rf2 22. Rxd3 Rxg2 23. Rd5 Rc5 24. Rf1 Rxh2 25. Nf2 Rxd5 26. exd5 Nc5 27. d6 e4 28. Nxe4 Nxe4 29. d7 Rd2 30. Re1 Rxd7 31. Rxe4 h5 32. Kc2 Kh7 33. b4 Kh6 34. c4 Kg5 35. c5 h4 36. b5 h3 0-1

[Event "Hampshire Major"]
[Site "Fareham"]
[Date "2023.11.05"]
[Round "5.9"]
[White "Archer Lock, Helen"]
[Black "Torrance, John"]
[Result "1/2-1/2"]
[WhiteElo "1642"]
[BlackElo "1677"]
[PlyCount "122"]
[EventDate "2023.11.03"]
[EventType "swiss"]
[EventRounds "6"]
[EventCountry "ENG"]
[SourceTitle "BritBase"]
[Source "John Saunders"]
[SourceDate "2025.02.10"]
[SourceVersion "1"]
[SourceVersionDate "2025.02.10"]
[SourceQuality "1"]

1. d4 Nf6 2. c4 d6 3. Nf3 Nbd7 4. Bf4 Nh5 5. Bg5 h6 6. Bh4 c6 7. e3 Qc7 8. Nc3 g5 9. Nd2 Ng7 10. Bg3 Nf5 11. Qf3 Nxg3 12. Qxg3 Nf6 13. Bd3 Bd7 14. e4 e5 15. dxe5 dxe5 16. Nf3 Bd6 17. c5 Bxc5 18. Qxe5+ Qxe5 19. Nxe5 Be6 20. O-O Rd8 21. Bc4 Bxc4 22. Nxc4 O-O 23. e5 Nd5 24. Ne4 Be7 25. Ncd6 Bxd6 26. Nxd6 Rd7 27. Rfe1 Kh7 28. Nf5 Kg6 29. g4 Re8 30. Rad1 Re6 31. Nd4 Ree7 32. e6 fxe6 33. Nxe6 Kf6 34. Nc5 Rxe1+ 35. Rxe1 Rf7 36. Ne4+ Kg7 37. Nd6 Rd7 38. Nf5+ Kg6 39. Re6+ Nf6 40. Nxh6 Kxh6 41. Rxf6+ Kg7 42. Rf5 Kg6 43. Ra5 b6 44. Re5 Kf6 45. Re2 c5 46. Kg2 Rd3 47. Re3 Rd2 48. Ra3 Rxb2 49. Rxa7 c4 50. Rc7 b5 51. a4 bxa4 52. Rxc4 a3 53. Ra4 a2 54. Kf3 Rc2 55. Ke3 Rb2 56. Ra8 Rc2 57. Kd3 Rb2 58. h3 Kg7 59. Kc3 Rxf2 60. Kb3 Rf3+ 61. Kxa2 Rxh3 1/2-1/2

[Event "Hampshire Major"]
[Site "Fareham"]
[Date "2023.11.05"]
[Round "5.10"]
[White "Stout, Nicholas"]
[Black "Holmes, David J"]
[Result "1-0"]
[WhiteElo "1699"]
[BlackElo "1816"]
[PlyCount "51"]
[EventDate "2023.11.03"]
[EventType "swiss"]
[EventRounds "6"]
[EventCountry "ENG"]
[SourceTitle "BritBase"]
[Source "John Saunders"]
[SourceDate "2025.02.10"]
[SourceVersion "1"]
[SourceVersionDate "2025.02.10"]
[SourceQuality "1"]

1. d4 Nf6 2. Nf3 c5 3. d5 d6 4. Nc3 g6 5. e4 Nbd7 6. Be2 Bg7 7. O-O O-O 8. a4 a6 9. Nd2 Qc7 10. Nc4 b6 11. Bf4 Rb8 12. Qd2 Ne8 13. Bh6 Bxh6 14. Qxh6 Ng7 15. f4 f5 16. Nd2 fxe4 17. Ndxe4 Nf5 18. Qh3 Nf6 19. Ng5 Nd4 20. Qd3 Bf5 21. Qxa6 Ra8 22. Qc4 Qd7 23. Bd3 Bxd3 24. Qxd3 Nh5 25. Qe4 Ng7 26. Rae1 {... x moves (illegible)} 1-0

[Event "Hampshire Major"]
[Site "Fareham"]
[Date "2023.11.05"]
[Round "5.11"]
[White "Warner, Nicholas"]
[Black "Agostinelli, David"]
[Result "1-0"]
[WhiteElo "1610"]
[BlackElo "1727"]
[PlyCount "57"]
[EventDate "2023.11.03"]
[EventType "swiss"]
[EventRounds "6"]
[EventCountry "ENG"]
[SourceTitle "BritBase"]
[Source "John Saunders"]
[SourceDate "2025.02.10"]
[SourceVersion "1"]
[SourceVersionDate "2025.02.10"]
[SourceQuality "1"]

1. f4 c5 2. b3 Nf6 3. Bb2 Nc6 4. e3 g6 5. Nf3 Bg7 6. Bb5 O-O 7. Bxc6 bxc6 8. O-O d6 9. Re1 a5 10. Nc3 Ba6 11. d3 Rb8 12. Rb1 Qc7 13. Qd2 e6 14. e4 Rfd8 15. e5 dxe5 16. Nxe5 Nd5 17. Ne4 f6 18. Nxc5 Qb6 19. d4 fxe5 20. Nxe6 Nxf4 21. Nxg7 Kxg7 22. Rxe5 Rf8 23. Rbe1 Nd5 24. c4 Nf6 25. Kh1 Rb7 26. d5 Kg8 27. Re6 Rbf7 28. Qg5 Nh5 {Not sure if this was the move.} 29. Rxg6+ 1-0

[Event "Hampshire Major"]
[Site "Fareham"]
[Date "2023.11.05"]
[Round "5.12"]
[White "Charalambous, Charles"]
[Black "Goodlad, Daniel"]
[Result "1/2-1/2"]
[WhiteElo "1478"]
[BlackElo "1686"]
[PlyCount "35"]
[EventDate "2023.11.03"]
[EventType "swiss"]
[EventRounds "6"]
[EventCountry "ENG"]
[SourceTitle "BritBase"]
[Source "John Saunders"]
[SourceDate "2025.02.10"]
[SourceVersion "1"]
[SourceVersionDate "2025.02.10"]
[SourceQuality "1"]

1. d4 Nf6 2. Bf4 d5 3. e3 c5 4. c3 Nc6 5. Nf3 Qb6 6. Qb3 c4 7. Qxb6 axb6 8. Na3 Rxa3 9. bxa3 Ne4 10. Bc7 b5 11. Nd2 Nxc3 12. Rc1 b4 13. axb4 Nxa2 14. Ra1 Ncxb4 15. Kd1 Bd7 16. Nxc4 dxc4 17. Bxc4 Nc3+ 18. Kc1 1/2-1/2

[Event "Hampshire Major"]
[Site "Fareham"]
[Date "2023.11.05"]
[Round "5.13"]
[White "Belinger, John"]
[Black "Vann, Anton"]
[Result "1-0"]
[WhiteElo "1614"]
[BlackElo "1503"]
[PlyCount "41"]
[EventDate "2023.11.03"]
[EventType "swiss"]
[EventRounds "6"]
[EventCountry "ENG"]
[SourceTitle "BritBase"]
[Source "John Saunders"]
[SourceDate "2025.02.10"]
[SourceVersion "1"]
[SourceVersionDate "2025.02.10"]
[SourceQuality "1"]

1. e4 c6 2. d4 d5 3. e5 Bf5 4. h4 h5 5. Bd3 Bxd3 6. Qxd3 e6 7. Bg5 Qb6 8. Nd2 Ne7 9. Ngf3 Nd7 10. O-O Nf5 11. c4 f6 12. Bf4 Be7 13. Rfe1 Rg8 14. exf6 gxf6 15. Rxe6 Ng7 16. Qg6+ Kf8 17. Bh6 Qc7 18. Rae1 Re8 19. Rxf6+ Nxf6 20. Ng5 Bd8 21. Nh7+ 1-0

[Event "Hampshire Major"]
[Site "Fareham"]
[Date "2023.11.05"]
[Round "6.1"]
[White "Miller, Daniel"]
[Black "O'Gorman, Brendan"]
[Result "0-1"]
[WhiteElo "1714"]
[BlackElo "1873"]
[PlyCount "102"]
[EventDate "2023.11.03"]
[EventType "swiss"]
[EventRounds "6"]
[EventCountry "ENG"]
[SourceTitle "BritBase"]
[Source "John Saunders"]
[SourceDate "2025.02.10"]
[SourceVersion "1"]
[SourceVersionDate "2025.02.10"]
[SourceQuality "1"]

1. d4 d5 2. c4 e6 3. Nf3 a6 4. a4 Nf6 5. g3 dxc4 6. Bg2 Nc6 7. O-O Rb8 8. Re1 Bb4 9. Nc3 O-O 10. e4 h6 11. e5 Nd5 12. Qc2 Be7 13. Nd2 Nxd4 14. Qe4 Nb4 15. Nf3 Nxf3+ 16. Bxf3 b5 17. Rd1 Nd3 18. axb5 Bb7 19. Qxc4 Bxf3 20. Qxd3 Bxd1 21. Qxd1 Qxd1+ 22. Nxd1 axb5 23. Be3 Rfd8 24. Nc3 c5 25. h4 Kf8 26. Ne4 c4 27. Ra7 b4 28. Nd6 c3 29. bxc3 bxc3 30. Rc7 Bxd6 31. exd6 Rbc8 32. Bc5 Kg8 33. Kf1 Rxc7 34. dxc7 Rc8 35. Ke2 Rxc7 36. Ba3 f6 37. h5 c2 38. Kd2 Kf7 39. Bc1 f5 40. f4 g6 41. hxg6+ Kxg6 42. Ke2 Kh5 43. Kf3 Rc3+ 44. Kg2 Kg4 45. Kh2 Rd3 46. Kg2 Rd1 47. Kf2 Rxc1 48. Ke2 Re1+ 49. Kd2 c1=Q+ 50. Kd3 Rd1+ 51. Ke2 Qd2# 0-1

[Event "Hampshire Major"]
[Site "Fareham"]
[Date "2023.11.05"]
[Round "6.2"]
[White "Blanden, Edward A"]
[Black "Collyer, David"]
[Result "1-0"]
[WhiteElo "1755"]
[BlackElo "1804"]
[PlyCount "81"]
[EventDate "2023.11.03"]
[EventType "swiss"]
[EventRounds "6"]
[EventCountry "ENG"]
[SourceTitle "BritBase"]
[Source "John Saunders"]
[SourceDate "2025.02.10"]
[SourceVersion "1"]
[SourceVersionDate "2025.02.10"]
[SourceQuality "1"]

1. c4 e5 2. Nc3 Nf6 3. Nf3 Nc6 4. e3 Bb4 5. Qc2 O-O 6. a3 Bxc3 7. Qxc3 d6 8. Be2 Ne4 9. Qc2 f5 10. d3 Nf6 11. O-O a5 12. Bd2 a4 13. Rfd1 h6 14. Bc3 Qe8 15. d4 e4 16. Nd2 f4 17. exf4 e3 18. Nf1 exf2+ 19. Kxf2 Ne4+ 20. Kg1 Nxc3 21. bxc3 Rxf4 22. Bf3 Bg4 23. Re1 Qd7 24. Bd5+ Kh8 25. Re3 Ne7 26. Rae1 Nxd5 27. cxd5 Raf8 28. Ng3 Qf7 29. Re7 Qxd5 30. Qg6 Qg8 31. h3 R8f6 32. Qb1 Bf5 33. Qxb7 Rf2 34. Nh5 Bxh3 35. Nxf6 Rxf6 36. Re8 Rf8 37. Rxf8 Qxf8 38. gxh3 Qd8 39. Qe4 Qg5+ 40. Qg4 Qd8 41. Qg6 1-0

[Event "Hampshire Major"]
[Site "Fareham"]
[Date "2023.11.05"]
[Round "6.3"]
[White "Waters, Andrew"]
[Black "Tello, Yasser"]
[Result "1-0"]
[WhiteElo "1883"]
[BlackElo "1813"]
[PlyCount "149"]
[EventDate "2023.11.03"]
[EventType "swiss"]
[EventRounds "6"]
[EventCountry "ENG"]
[SourceTitle "BritBase"]
[Source "John Saunders"]
[SourceDate "2025.02.10"]
[SourceVersion "1"]
[SourceVersionDate "2025.02.10"]
[SourceQuality "1"]

1. e4 e5 2. Nf3 Nc6 3. c3 d5 4. Qa4 dxe4 5. Nxe5 Bd7 6. Nxd7 Qxd7 7. Qxe4+ Be7 8. Bb5 Nf6 9. Bxc6 bxc6 10. Qe2 O-O 11. O-O Rfe8 12. d4 c5 13. dxc5 Bxc5 14. Qf3 Ng4 15. Nd2 Rad8 16. b4 Ne5 17. Qg3 Bb6 18. Ne4 Ng6 19. Nc5 Qf5 20. Be3 h5 21. Qg5 Ne7 22. h4 f6 23. Qg3 Nc6 24. Rad1 Rxd1 25. Rxd1 Qc2 26. Rd7 Re7 27. Rxe7 Nxe7 28. Bd4 Nf5 29. Qf3 Nxd4 30. Qd5+ Kh7 31. Qxh5+ Kg8 32. Qd5+ Kh7 33. Qxd4 Qxa2 34. Qe4+ Kh6 35. h5 Qf7 36. Qf4+ g5 37. hxg6+ Kxg6 38. Qg4+ Kh7 39. Qd7 Kg6 40. Qxf7+ Kxf7 41. Nd3 c6 42. c4 a5 43. bxa5 Bxa5 44. g4 Bb6 45. Kg2 Kg6 46. f4 Bc7 47. Kf3 Bd6 48. Ke4 Be7 49. Kd4 Bd6 50. c5 Bc7 51. Ke4 Ba5 52. Kf3 Bc3 53. f5+ Kf7 54. Nf4 Bb4 55. Ne6 Ke7 56. Ke4 Ba3 57. Kd3 Bc1 58. Kc4 Kd7 59. Nd4 Bd2 60. Nf3 Bc1 61. Kb4 Be3 62. Kc4 Bc1 63. Ne1 Kc7 64. Kd4 Kd7 65. Nd3 Bd2 66. Ke4 Bc3 67. Kf3 Bd2 68. Nf4 Bc1 69. Kg3 Bd2 70. Ne6 Bc1 71. Kh4 Ke7 72. Kh5 Bd2 73. g5 fxg5 74. Nxg5 Kf6 75. Ne6 {... x moves (illegible)} 1-0